| 000 -LEADER |
| fixed length control field |
00480nam a22000977a 4500 |
| 008 - FIXED-LENGTH DATA ELEMENTS--GENERAL INFORMATION |
| fixed length control field |
160502b xxu||||| |||| 00| 0 eng d |
| 100 ## - MAIN ENTRY--AUTHOR'S NAME |
| Author's Name |
Brofos, Frederick |
| 245 ## - TITLE STATEMENT |
| Title |
Norwegian railway and steamship parcel stamps |
| 260 ## - PUBLICATION, DISTRIBUTION, ETC. (IMPRINT) |
| Name of publisher, distributor, etc. |
Scandinavian Collectors Club |
| Date of publication, distribution, etc. |
1964 |
| 650 ## - TOPICAL TERM (Tag) |
| Topical term or geographic name |
Norway | Cinderella Material | Railway Parcel Stamps | Steamship Parcel Stamps | Railway Stamps | Railway Mail | Steamship Issues | Parcel Post | Shipping Companies and Packet Service | Locals and Private Posts |